Praga - quiz wielokrotnego wyboru - Statystyki

Ogólne statystyki
  • Ten quiz został rozwiązany 1 198 razy
    1 197 od ostatniego zresetowania
  • Średni wynik to 7 z 10
Statystyki odpowiedzi
Zagadnienie Odpowiedź % Poprawnych
Pod jaką nazwą Praga jest znana w jej ojczystym języku? Praha
95%
Czyim imieniem został nazwany najstarszy most w Pradze i jej najstarszy uniwersytet? Karola IV
86%
Którego z poniższych historycznych państw Praga nigdy nie była częścią? Związku Radzieckiego
82%
Który z poniższych autorów był związany z Pragą? Franz Kafka
79%
W którym roku odbyła się Praska Wiosna? 1968
75%
Jaki plac miejski jest nazwany imieniem patrona Czech? Plac Św. Wacława
67%
Która z poniższych rzek przepływa przez Pragę? Wełtawa
66%
Zainstalowany w 1410 r., w Pradze znajduje się najstarszy na świecie działający ... Zegar astronomiczny
66%
W żydowskim folklorze, jak nazywa się gliniana istota, która chroniła mieszkańców praskiego Getta? Golem
62%
Co stało się z religijnymi przeciwnikami w 1618 r. w Pradze, co doprowadziło do wybuchu wojny trzydziestoletniej? Zostali wyrzuceni przez okno
50%
Nie znaleziono quizów pasujących do podanych kryteriów
Rozkład punktacji
Procent ludzi z każdym wynikiem
Percentyl według liczby udzielonych odpowiedzi
Twoja historia wyników
Nie rozwiązałeś tego quizu od ostatniego zresetowania